Statistics for Biggest Cities/Towns in each German State - Extreme

Click here to take the quiz!

General Stats

  • This quiz has been taken 106 times
  • The average score is 43 of 59

Answer Stats

StatePopulationCity% Correct
North Rhine-Westphalia1,085,664Cologne
100%
Hesse753,056Frankfurt am Main
100%
Brandenburg57,873Frankfurt (Oder)
100%
Bavaria1,471,508Munich
100%
Bavaria518,365Nuremberg
100%
{Berlin}
99%
3,644,826Berlin
99%
Saxony554,649Dresden
99%
{Bremen}
98%
569,352Bremen
98%
North Rhine-Westphalia619,294Düsseldorf
98%
{Hamburg}
98%
1,841,179Hamburg
98%
Lower Saxony538,068Hanover
98%
Baden-Württemburg634,830Stuttgart
98%
Saxony587,857Leipzig
96%
North Rhine-Westphalia583,109Essen
95%
North Rhine-Westphalia587,010Dortmund
94%
Schleswig-Holstein247,548Kiel
89%
Brandenburg178,089Potsdam
89%
Baden-Württemburg309,370Mannheim
88%
Saarland180,741Saarbrücken
87%
Bavaria295,135Augsburg
86%
Rhineland-Palatinate217,118Mainz
86%
Mecklenburg-West Pomerania208,886Rostock
84%
113,634Bremerhaven
82%
Schleswig-Holstein217,198Lübeck
82%
Baden-Württemburg313,092Karlsruhe
81%
Baden-Württemburg230,241Freiburg
78%
Saxony-Anhalt238,697Magdeburg
78%
Thuringia213,699Erfurt
74%
Hesse278,342Wiesbaden
74%
Hesse201,585Kassel
72%
Saxony-Anhalt239,257Halle (Saale)
71%
Saxony247,237Chemnitz
69%
Thuringia111,407Jena
67%
Bavaria152,610Regensburg
67%
Lower Saxony248,292Brunswick
66%
Mecklenburg-West Pomerania95,818Schwerin
65%
Rhineland-Palatinate110,636Trier
64%
Schleswig-Holstein89,504Flensburg
62%
Brandenburg100,219Cottbus
61%
Hesse159,207Darmstadt
60%
Lower Saxony168,210Oldenburg
59%
Lower Saxony164,748Osnabrück
59%
Rhineland-Palatinate114,024Koblenz
56%
Thuringia94,152Gera
54%
Brandenburg72,124Brandenburg an der Havel
52%
Saxony89,540Zwickau
47%
Rhineland-Palatinate171,061Ludwigshafen (am Rhein)
45%
Thuringia65,090Weimar
45%
Saxony-Anhalt81,237Dessau-Roßlau
35%
Mecklenburg-West Pomerania64,086Neubrandenburg
32%
Mecklenburg-West Pomerania59,421Stralsund
31%
Saarland41,811Homburg
29%
Saarland46,469Neunkirchen
28%
Schleswig-Holstein79,487Neumünster
26%
Saxony-Anhalt46,008Wittenberg
24%
Saarland39,374Völklingen
19%

Score Distribution

Percentile by Number Answered

Percent of People with Each Score

Your Score History

You have not taken this quiz